Paulys Real-Encyclopädie der classischen Altertumswissenschaft (Record no. 161561)
[ view plain ]
| 000 -LEADER | |
|---|---|
| campo de control de longitud fija | 01264nam a22002295i 4500 |
| 001 - NÚMERO DE CONTROL | |
| campo de control | 161561 |
| 003 - IDENTIFICADOR DE NÚMERO DE CONTROL | |
| campo de control | ES-MaACL |
| 005 - FECHA Y HORA DE LA ÚLTIMA TRANSACCIÓN | |
| campo de control | 20230906212319.0 |
| 008 - DATOS DE LONGITUD FIJA--INFORMACIÓN GENERAL | |
| campo de control de longitud fija | 000823m18941978gw |||| | ger d |
| 040 ## - FUENTE DE CATALOGACIÓN | |
| Centro catalogador/agencia de origen | CCPB | B |
| Lengua de catalogación | spa |
| Centro/agencia transcriptor | CCPB | B |
| 100 1# - ENTRADA PRINCIPAL--NOMBRE DE PERSONA | |
| Nombre de persona | Pauly, August Friedrich van. |
| 9 (RLIN) | 147943 |
| 245 10 - MENCIÓN DEL TÍTULO | |
| Título | Paulys Real-Encyclopädie der classischen Altertumswissenschaft |
| Resto del título | : neue Bearbeitung unter Mitwirkung Zahlreicher Fachgenossen / |
| Mención de responsabilidad, etc. | herausgegeben von Georg Wissowa. |
| 260 ## - PUBLICACIÓN, DISTRIBUCIÓN, ETC. | |
| Lugar de publicación, distribución, etc. | Stuttgart : |
| Nombre del editor, distribuidor, etc. | J. B. Metzlerscher, |
| Fecha de publicación, distribución, etc. | 1894-1978. |
| 300 ## - DESCRIPCIÓN FÍSICA | |
| Extensión | 56 v. ; |
| Dimensiones | 25 cm. |
| 505 8# - NOTA DE CONTENIDO CON FORMATO | |
| Nota de contenido con formato | Contiene: [Primera parte] (28 v.) -- Zweite Reihe (13 v.) -- Supplement (15 v.) |
| 594 #1 - Nota al título y mención de responsabilidad | |
| Nota al título y mención de responsabilidad | A partir del tomo VII (1ª parte) continua la obra como ed. lit., Wilhelm Kroll, en tomo XVIII (1ª parte) continua como ed. lit. Karl Mittelhaus y a partir del tomo XXI (1ª parte) continuará la obra como ed. lit. Konrat Ziegler. |
| 595 #1 - | |
| -- | En el tomo XXI (1ª parte) cambia editor por Alfred DruckenMüller. |
| 650 #4 - PUNTO DE ACCESO ADICIONAL DE MATERIA--TÉRMINO DE MATERIA | |
| Término de materia o nombre geográfico como elemento de entrada | Civilización clásica. |
| 9 (RLIN) | 139535 |
| 700 0# - ENTRADA AGREGADA--NOMBRE PERSONAL | |
| Nombre de persona | Wissowa, Georg. |
| 9 (RLIN) | 117156 |
| 700 1# - ENTRADA AGREGADA--NOMBRE PERSONAL | |
| Nombre de persona | Kroll, Wilhelm ( |
| Fechas asociadas al nombre | 1869-1939) |
| 9 (RLIN) | 68885 |
| 852 ## - LOCALIZACIÓN | |
| Ubicación | ES-MaACL |
| Número de control de estantería | D-8968-9002 |
| Nota libre | -- Enc. hol. y rust. |
| condición física | -- Contiene t.I-XXVI de la 1ª serie, t.I-V de la 2ª serie y t.I-IV de suplemento |
| Estatus retirado | Estado de pérdida | Estado de daño | No para préstamo | Colección | Biblioteca de origen | Biblioteca actual | Ubicación en estantería | Fecha de adquisición | Fuente de adquisición | Total de préstamos | Signatura topográfica completa | Código de barras | Visto por última vez | Precio de reemplazo | Tipo de ítem Koha |
|---|---|---|---|---|---|---|---|---|---|---|---|---|---|---|---|
| Libros del s. XIX | Biblioteca del Ateneo de Madrid | Biblioteca del Ateneo de Madrid | Sala Valle Inclán | 17/01/2008 | D-8968-9002 | 901169232 | 23/02/2023 | 23/02/2023 | Libro impreso antiguo |
